000 03008nam a2200217Ia 4500
003 Ost
005 20260507075130.0
008 260507s9999||||xx |||||||||||||| ||und||
040 _cfsecg
041 _aara
082 _a364
100 _aهرجة، مصطفى مجدي
_eمؤلف
245 0 _aجرائم التهريب :
_b في ضوء الفقه و الائحة التنفيذية و تعليمات النيابة و القيود و الأوصاف و أحكام النقض و الدستورية العليا : التهريب الجمركي قانون 22لسنة 1963 المعدل بالقانون 14 لسنة 2004 : تهريب التبغ و تهريب النقد /
_c مصطفى مجدي هرجة
260 _aالمنصورة:
_bدار الفكر والقانون,
_c2005
300 _a315 صفحة؛
_bإيضاحات ؛
_c24 سم
520 _aالتهريب الجمركي بالتطرق الى نصوص القانون رقم 66 لسنة 1963 باصدار قانون الجمارك المعدل بالقانون 14 لسنة 2004 في 22أبريل 2004 ، قرار رقم 765 لسنة 2001 بشأن تحديد قيمة البضائع للأإراض الجمركية ، المذكرة الايضاحية لمشروع قرار رئيس الجمهورية بالقانون 66 لسنة 1963 باصدار قانون الجمارك ، من احكام المحكمة الدستورية العليا ، القيود و الاوصاف ، من احكام محكمة النقض ، باب مرتبط من قضايا الجمارك في مسائل متنوعة كما تم تناول تهريب التبغ بالتطرق الى نصوص القانون رقم 92 لسنة 1964 في شأن تهريب التبغ ، القيود و الاوصاف ، من التعليمات العامة للنيابات ، من أحكام محكمة النقض و كذا تناول تهريب النقد بالتطرق الى نصوص القانون رقم 38 لسنة 1994 بتنظيم التعامل بالنقد الاجنبي المعدل و تقرير اللجنة المشتركة و المذكرة الايضاحية و تقرير لجنة الشؤون الاقتصادية عن مشروع قانون بإلغاء المادة 3 من القانون رقم 38 لسنة 1994 و المذكرة الايضاحية بشأن التعديل سالف الذكر و قرار وزير الاقتصاد رقم 295 لسنة 1994 بتنفيذ أحكام القانون رقم 38 لسنة 1994 و قرار وزير الاقتصاد رقم 331 لسنة 1994 باصدار اللائحة التنفيذية و قرار وزير الاقتصاد رقم 103 لسنة 2001 بتعديل بعض أحكام اللائحة التنفيذية و القيود و الأوصاف و بعض التعليمات العامة للنيابة و أخيرا تعليقات و أحكام .
653 _aالجرائم الاقتصادية
653 _aالرسوم الجمركية - تهرب
653 _aتهرب البضائع
942 _cكتاب
999 _c43207
_d43207